| 000 -ლიდერი |
| ფიქსირებული სიგრძის საკონტროლო ველი |
01122nam a22002297a 4500 |
| 003 - საკონტროლო ნომრის იდენტიფიკატორი |
| საკონტროლო ველი |
Ge_BSU |
| 005 - ბოლო ოპერაციის თარიღი და დრო |
| საკონტროლო ველი |
20220531130823.0 |
| 008 - ფიქსირებული სიგრძის მონაცემთა ელემენტები - ზოგადი ინფორმაცია |
| ფიქსირებული სიგრძის საკონტროლო ველი |
220531s2012 ge ||||| |||| 00| 0 geo d |
| 020 ## - წიგნის საერთაშორისო სტანდარტული ნომერი |
| International Standard Book Number |
9789941050244 |
| 041 ## - ენის კოდი |
| Language code of text/sound track or separate title |
geo |
| 080 ## - უნივერსალური ათობითი კლასიფიკაციის ინდექსი |
| Universal Decimal Classification number |
128+1(430)(092 ჰაიდეგერი) გ-70 |
| 100 ## - მთავარი ჩანაწერი - პიროვნების სახელი |
| Personal name |
გორდეზიანი, რევაზ |
| 9 (RLIN) |
6035 |
| 245 ## - ცნობა სათაურის შესახებ |
| Title |
ადამიანის (Dasein) პრობლემა მარტინ ჰაიდეგერის "ფუნდამენტურ ონტოლოგიაში" / |
| Statement of responsibility, etc |
რევაზ გორდეზიანი ; რედ. გურამ თევზაძე. |
| 264 ## - წარმოების, გამოცემის, დისტრიბუციის და სხვა ცნობები |
| გამოცემის, წარმოების, დისტრიბუციის... ადგილი |
თბილისი : |
| გამოცემის, წარმოების, დისტრიბუციის... სახელწოდება |
Carpe diem, |
| გამოცემის, წარმოების, დისტრიბუციის... თარიღი |
2012. |
| 300 ## - ფიზიკური აღწერა |
| Extent |
363 გვ. ; |
| Other physical details |
20 სმ. |
| 504 ## - BIBLIOGRAPHY, ETC. NOTE |
| Bibliography, etc |
ბიბლიოგრ.: გვ. 360-361. |
| 653 ## - INDEX TERM--UNCONTROLLED |
| Uncontrolled term |
ანთროპოლოგია და ფილოსოფია. |
| 653 ## - INDEX TERM--UNCONTROLLED |
| Uncontrolled term |
ონტოლოგია. |
| 653 ## - INDEX TERM--UNCONTROLLED |
| Uncontrolled term |
ჰაიდეგერი, მარტინ. |
| 700 ## - ADDED ENTRY--PERSONAL NAME |
| Personal name |
თევზაძე, გურამ |
| Relator term |
რედაქტორი |
| 9 (RLIN) |
13896 |
| 942 ## - ADDED ENTRY ELEMENTS (KOHA) |
| Source of classification or shelving scheme |
|
| Koha item type |
წიგნი |